Statistics for US MensTennis Open winners

Click here to take the quiz!

General Stats

  • This quiz has been taken 70 times
  • The average score is 38 of 49

Answer Stats

YearAnswer% Correct
1995Sampras
100%
2002Sampras
100%
1993Sampras
100%
1990Sampras
100%
1996Sampras
100%
2008Federer
98%
2006Federer
98%
2005Federer
98%
2004Federer
98%
2007Federer
98%
2015Djokovic
95%
2011Djokovic
95%
2013Nadal
95%
2010Nadal
95%
1994Agassi
94%
1999Agassi
94%
1979McEnroe
89%
1984McEnroe
89%
1981McEnroe
89%
1980McEnroe
89%
1989Becker
88%
2012Murray
88%
1982Connors
83%
1983Connors
83%
1978Connors
83%
1976Connors
83%
1974Connors
83%
2001Hewitt
77%
1985Lendl
77%
1987Lendl
77%
1986Lendl
77%
2003Roddick
73%
2009Del Potro
72%
2016Wawrinka
72%
1992Edberg
69%
1991Edberg
69%
1969Laver
69%
2014Cilic
63%
1988Wilander
63%
1998Rafter
61%
1997Rafter
61%
1968Ashe
59%
1972Nastase
58%
2000Safin
48%
1973Newcombe
42%
1977Vilas
41%
1971Smith
33%
1970Rosewall
30%
1975Orantes
13%

Score Distribution

Percentile by Number Answered

Percent of People with Each Score

Your Score History

You have not taken this quiz